| 000 | 00793nam a22002417a 4500 | ||
|---|---|---|---|
| 005 | 20150304130315.0 | ||
| 008 | 100209t xxu||||| |||| 00| 0 eng d | ||
| 010 | _aENG-95852 | ||
| 020 |
_a9780198064480 _c645.00 |
||
| 020 |
_a0198064489 _c645.00 |
||
| 035 | _aEN-79385 | ||
| 037 | _bDBAD/PUB | ||
| 040 | _aDPL | ||
| 245 |
_aEnvironmental History: _bAs if nature Existed/ _cedited by R.John McNeill |
||
| 260 |
_aNew Delhi _bOxford University Press _c2010 |
||
| 270 |
_aYMCA Library Building, Jai Singh Road _bNew Delhi _e110001 |
||
| 300 |
_axii., 248p. _c23cm (Hb) |
||
| 490 | _aEcological economics and human well-being / edited by Joan Martinez and Pushpam Kumar | ||
| 700 | _aMcNeill, R. John | ||
| 700 | _aPadua, Augusto Jose | ||
| 700 | _aRangarajan, Mahesh | ||
| 942 |
_2ddc _cEN |
||
| 999 |
_c33743 _d33743 |
||